Biathlon men world cup winners - Statistics

General Stats
  • This quiz has been taken 88 times
  • The average score is 23 of 48
Answer Stats
year nationality biathlete % Correct
2018-19 Norway Johannes Thingnes Bø
98%
2019-20 Norway Johannes Thingnes Bø
98%
2020-21 Norway Johannes Thingnes Bø
98%
2022-23 Norway Johannes Thingnes Bø
98%
2023-24 Norway Johannes Thingnes Bø
98%
2010-11 Norway Tarjei Bø
98%
2011-12 France Martin Fourcade
90%
2012-13 France Martin Fourcade
90%
2013-14 France Martin Fourcade
90%
2014-15 France Martin Fourcade
90%
2015-16 France Martin Fourcade
90%
2016-17 France Martin Fourcade
90%
2017-18 France Martin Fourcade
90%
1997-98 Norway Ole Einar Bjørndalen
77%
2002-03 Norway Ole Einar Bjørndalen
77%
2005-06 Norway Ole Einar Bjørndalen
77%
2007-08 Norway Ole Einar Bjørndalen
77%
2008-09 Norway Ole Einar Bjørndalen
77%
2004-05 Norway Ole Einar Bjørndalen
73%
2021-22 France Quentin Fillon Maillet
73%
2024-25 Norway Sturla Holm Lægreid
65%
1999-2000 France Raphaël Poirée
51%
2000-01 France Raphaël Poirée
51%
2001-02 France Raphaël Poirée
51%
2003-04 France Raphaël Poirée
51%
2009-10 Norway Emil Hegle Svendsen
50%
1996-97 Germany Sven Fischer
37%
1998-99 Germany Sven Fischer
37%
1987-88 West Gernany Fritz Fischer
30%
2006-07 Germany Michael Greis
27%
1977-78 East Germany Franck Ullrich
13%
1979-80 East Germany Franck Ullrich
13%
1980-81 East Germany Franck Ullrich
13%
1981-82 East Germany Franck Ullrich
13%
1984-84 East Germany Frank-Peter Roetsch
9%
1984-85 East Germany Frank-Peter Roetsch
9%
1989-90 Soviet Union Sergei Tchepikov
7%
1990-91 Soviet Union Sergei Tchepikov
7%
1988-89 Norway Eirik Kvalfoss
6%
1982-83 West Germany Peter Angerer
6%
1986-87 East Germany Frank-Peter Roetsch
5%
1995-96 Russia Vladimir Drachev
5%
1978-79 East Germany Klaus Siebert
2%
1992-93 Sweden Mikael Löfgren
2%
1993-94 France Patrice Bailly-Salins
2%
1985-86 East Germany André Sehmisch
1%
1991-92 Norway Jon Åge Tyldum
1%
1994-95 Norway Jon Åge Tyldum
1%
No matching quizzes found
Score Distribution
Percent of People with Each Score
Percentile by Number Answered
Your Score History
You have not taken this quiz